Upanishat parichaya (Record no. 144678)
[ view plain ]
| 000 -LEADER | |
|---|---|
| fixed length control field | 00608nam a2200205Ia 4500 |
| 003 - CONTROL NUMBER IDENTIFIER | |
| control field | OSt |
| 005 - DATE AND TIME OF LATEST TRANSACTION | |
| control field | 20250818104351.0 |
| 008 - FIXED-LENGTH DATA ELEMENTS--GENERAL INFORMATION | |
| fixed length control field | 210210b1961 xxu||||| |||| 00| 0 eng d |
| 040 ## - CATALOGING SOURCE | |
| Transcribing agency | AL |
| 041 ## - LANGUAGE CODE | |
| Language code of text/sound track or separate title | Kannada |
| 082 ## - DEWEY DECIMAL CLASSIFICATION NUMBER | |
| Classification number | 856/292 |
| 100 ## - MAIN ENTRY--PERSONAL NAME | |
| Personal name | SOMANATHANANDA SVAMI |
| Dates associated with a name | ಸೋಮನಾಥನಂದ ಸ್ವಾಮಿ |
| 9 (RLIN) | 236128 |
| 245 ## - TITLE STATEMENT | |
| Title | Upanishat parichaya |
| Remainder of title | ಉಪನಿಷತ್ ಪರಿಚಯ |
| 260 ## - PUBLICATION, DISTRIBUTION, ETC. | |
| Place of publication, distribution, etc. | MaisUru |
| Name of publisher, distributor, etc. | Maisuru Vishvavidyanilaya |
| Date of publication, distribution, etc. | 1961 |
| 650 ## - SUBJECT ADDED ENTRY--TOPICAL TERM | |
| Topical term or geographic name entry element | UpaniShat |
| 9 (RLIN) | 236129 |
| 650 ## - SUBJECT ADDED ENTRY--TOPICAL TERM | |
| Topical term or geographic name entry element | parichaya |
| 9 (RLIN) | 236130 |
| 690 ## - LOCAL SUBJECT ADDED ENTRY--TOPICAL TERM (OCLC, RLIN) | |
| Topical term or geographic name as entry element | Kannada Miscellaneous |
| 9 (RLIN) | 236131 |
| 906 ## - LOCAL DATA ELEMENT F, LDF (RLIN) | |
| a | 020528 |
| 942 ## - ADDED ENTRY ELEMENTS (KOHA) | |
| Source of classification or shelving scheme | Dewey Decimal Classification |
| Koha item type | Book |
| Withdrawn status | Lost status | Source of classification or shelving scheme | Damaged status | Not for loan | Collection code | Home library | Current library | Shelving location | Date acquired | Cost, normal purchase price | Total Checkouts | Full call number | Barcode | Date last seen | Price effective from | Koha item type |
|---|---|---|---|---|---|---|---|---|---|---|---|---|---|---|---|---|
| Dewey Decimal Classification | Kannada | St Aloysius Library | St Aloysius Library | 02/17/2021 | 0.00 | 856/292 | 020528 | 02/17/2021 | 02/17/2021 | Book |